[Event "EOBCC 2020"]
[Site "Online"]
[Date "2020.12.18"]
[Round "10.25"]
[White "Theodorou, Nikolas"]
[Black "Belyakov, Bogdan"]
[Result "1-0"]
[WhiteElo "2554"]
[BlackElo "2450"]
[Annotator "ChessBase"]
[PlyCount "63"]
[EventDate "2020.12.18"]
[EventType "tourn"]
[EventCountry "NET"]
[SourceTitle "playchess.com"]
[Source "ChessBase"]
[SourceQuality "1"]

1. d4 Nf6 2. c4 g6 3. Nc3 Bg7 4. e4 O-O 5. f4 d6 6. Nf3 c5 7. d5 e6 8. dxe6 Bxe6 9. Bd3 Nc6 10. f5 Bd7 11. O-O h6 12. Bf4 Qe7 13. Nd5 Nxd5 14. exd5 Nd4 15. Nxd4 Bxd4+ 16. Kh1 g5 17. Bg3 Rfe8 18. f6 Bxf6 19. Qh5 Bg7 20. Rxf7 Qxf7 21. Bh7+ Kf8 22. Bxd6+ Re7 23. Bg6 Qf6 24. Bxc5 b6 25. Bxe7+ Qxe7 26. Bh7 Qf6 27. Bd3 Kg8 28. Rf1 Qe7 29. Qg6 Bf5 30. Bxf5 Rf8 31. Qh7+ Kf7 32. Bg6# 1-0

[Event "EOBCC 2020"]
[Site "Online"]
[Date "2020.12.18"]
[Round "10.26"]
[White "Grinev, Valeriy"]
[Black "Steinberg, Nitzan"]
[Result "0-1"]
[WhiteElo "2441"]
[BlackElo "2553"]
[Annotator "ChessBase"]
[PlyCount "82"]
[EventDate "2020.12.18"]
[EventType "tourn"]
[EventCountry "NET"]
[SourceTitle "playchess.com"]
[Source "ChessBase"]
[SourceQuality "1"]

1. d4 d5 2. c4 c6 3. Nf3 Nf6 4. Nc3 e6 5. e3 Nbd7 6. Qc2 Bd6 7. Bd3 dxc4 8. Bxc4 b5 9. Bd3 Bb7 10. O-O O-O 11. e4 e5 12. h3 Re8 13. dxe5 Nxe5 14. Nxe5 Bxe5 15. Be3 a6 16. a4 Rc8 17. Rfd1 Qc7 18. f3 Nh5 19. Ne2 c5 20. axb5 c4 21. bxa6 Ba8 22. Bxc4 Qxc4 23. Qxc4 Rxc4 24. Bd4 Bxd4+ 25. Nxd4 Nf4 26. Kf2 Rb4 27. Rd2 h5 28. Ne2 Ne6 29. Rc1 Rb6 30. Ra1 g5 31. Ra2 Rc8 32. Nc3 h4 33. Nd5 Bxd5 34. exd5 Nc5 35. a7 Ra8 36. d6 Kf8 37. Ke3 Ke8 38. f4 gxf4+ 39. Kxf4 Kd7 40. Kg4 Rb4+ 41. Kg5 Ne4+ 0-1

[Event "EOBCC 2020"]
[Site "Online"]
[Date "2020.12.18"]
[Round "10.27"]
[White "Razin, Vadim"]
[Black "Grigoriants, Sergey"]
[Result "0-1"]
[WhiteElo "2428"]
[BlackElo "2546"]
[Annotator "ChessBase"]
[PlyCount "94"]
[EventDate "2020.12.18"]
[EventType "tourn"]
[EventCountry "NET"]
[SourceTitle "playchess.com"]
[Source "ChessBase"]
[SourceQuality "1"]

1. d4 Nf6 2. Nf3 d5 3. c4 e6 4. Nc3 c5 5. cxd5 Nxd5 6. e4 Nxc3 7. bxc3 cxd4 8. cxd4 Bb4+ 9. Bd2 Bxd2+ 10. Qxd2 O-O 11. Bc4 Nd7 12. O-O b6 13. Rfe1 Bb7 14. Rad1 Rc8 15. Bb3 h6 16. h4 Nf6 17. d5 exd5 18. exd5 Re8 19. Rxe8+ Qxe8 20. Nd4 Rd8 21. Nf5 Qe5 22. Qd3 Qe4 23. Qxe4 Nxe4 24. Re1 Nc5 25. d6 Be4 26. Ng3 Bd3 27. Re7 Nxb3 28. axb3 a5 29. d7 Kf8 30. Re3 Rxd7 31. Nh5 Bc2 32. Rc3 Bd1 33. Nf4 g5 34. hxg5 hxg5 35. Nd3 Rd5 36. Nb2 Bg4 37. Nc4 Rb5 38. Nd6 Rb4 39. f3 Be6 40. Ne4 Rxb3 41. Rc7 Rb5 42. Ra7 Kg7 43. g4 Rb3 44. Kf2 Kg6 45. Kg3 Bd5 46. Nd2 Rd3 47. Nf1 Rxf3+ 0-1

[Event "EOBCC 2020"]
[Site "Online"]
[Date "2020.12.18"]
[Round "10.28"]
[White "Gazik, Viktor"]
[Black "Piesik, Piotr"]
[Result "1-0"]
[WhiteElo "2542"]
[BlackElo "2400"]
[Annotator "ChessBase"]
[PlyCount "43"]
[EventDate "2020.12.18"]
[EventType "tourn"]
[EventCountry "NET"]
[SourceTitle "playchess.com"]
[Source "ChessBase"]
[SourceQuality "1"]

1. e4 g6 2. d4 Bg7 3. Nc3 c6 4. f4 d5 5. e5 Nh6 6. Nf3 Bg4 7. Be2 Nf5 8. O-O e6 9. h3 Bxf3 10. Rxf3 Qb6 11. Rd3 f6 12. g4 Nxd4 13. Rxd4 fxe5 14. fxe5 Bxe5 15. Be3 c5 16. Nxd5 exd5 17. Rxd5 Nc6 18. Bxc5 Qxb2 19. Rb1 Qc3 20. Rb3 Qa5 21. Bb5 Qc7 22. Qe2 1-0

[Event "EOBCC 2020"]
[Site "Online"]
[Date "2020.12.18"]
[Round "10.29"]
[White "Bashirli, Nail"]
[Black "Jovanovic, Zoran"]
[Result "1/2-1/2"]
[WhiteElo "2382"]
[BlackElo "2517"]
[Annotator "ChessBase"]
[PlyCount "226"]
[EventDate "2020.12.18"]
[EventType "tourn"]
[EventCountry "NET"]
[SourceTitle "playchess.com"]
[Source "ChessBase"]
[SourceQuality "1"]

1. e4 d6 2. d4 Nf6 3. Nc3 e5 4. Nf3 Nc6 5. Bg5 Bg4 6. d5 Nb8 7. h3 Bxf3 8. Qxf3 Be7 9. O-O-O Nxd5 10. Nxd5 Bxg5+ 11. Kb1 O-O 12. h4 Be7 13. g4 c6 14. Ne3 g6 15. h5 Bg5 16. Bc4 Kg7 17. Qh3 h6 18. Rdg1 Qf6 19. Bxf7 Rxf7 20. hxg6 Qxg6 21. Nf5+ Kf8 22. Rd1 Rf6 23. Qb3 Qf7 24. Qa3 Nd7 25. Nxd6 Qe7 26. Rd3 b6 27. Rhd1 Nc5 28. Nf5 Rxf5 29. exf5 Nxd3 30. Qxd3 Rd8 31. Qe2 Rxd1+ 32. Qxd1 Qd8 33. Qh1 Qd5 34. f3 a5 35. a3 b5 36. Qf1 Qd2 37. Qg1 Be3 38. Qh1 b4 39. axb4 axb4 40. f4 b3 41. cxb3 Bd4 42. Qxh6+ Ke7 43. Qe6+ Kd8 44. Qd6+ Kc8 45. Qxc6+ Kb8 46. Qb5+ Ka7 47. Qd7+ Kb6 48. Qd6+ Kb5 49. Qd5+ Ka6 50. Qc6+ Ka7 51. Qd7+ Kb6 52. Qd6+ Ka7 53. Qc7+ Ka6 54. Qc8+ Kb6 55. Qd8+ Kc6 56. Qc8+ Kb6 57. Qb8+ Kc6 58. Qe8+ Kd5 59. Qa8+ Kc5 60. Qa7+ Kd6 61. fxe5+ Kxe5 62. Qc7+ Kf6 63. Qd6+ Kg5 64. Qg6+ Kh4 65. Qh7+ Kg3 66. Qc7+ Kxg4 67. Qc2 Qe1+ 68. Ka2 Qa5+ 69. Kb1 Qe5 70. Qg2+ Kxf5 71. Qf3+ Kg6 72. Qg4+ Kf6 73. Qf3+ Kg5 74. Qg2+ Kh4 75. Qc2 Qe1+ 76. Qc1 Qe4+ 77. Qc2 Qe5 78. b4 Qe1+ 79. Qc1 Qxb4 80. Qf4+ Kh5 81. Qf5+ Kh6 82. Qe6+ Kg5 83. Qe2 Kf5 84. Qd3+ Ke5 85. Qe2+ Kd6 86. Qc2 Qe1+ 87. Qc1 Qe4+ 88. Qc2 Qf4 89. Qc1 Qe5 90. Qc2 Qe3 91. Qc1 Qe2 92. Qc2 Qb5 93. Qg6+ Kd5 94. Qf5+ Be5 95. Qc2 Qb4 96. Qd3+ Kc5 97. Qc2+ Kb6 98. Qe2 Bd4 99. Qe6+ Ka5 100. Qe2 Qc5 101. Qc2 Qe5 102. Ka2 Qe3 103. Qb3 Qe5 104. Qc2 Bc5 105. Qb3 Bb4 106. Qc4 Qd6 107. Qb3 Qc5 108. Qd3 Qc6 109. Qb3 Qe4 110. Qd1 Bc5 111. Qb3 Qa4+ 112. Qxa4+ Kxa4 113. b4 Kxb4 1/2-1/2

[Event "EOBCC 2020"]
[Site "Online"]
[Date "2020.12.18"]
[Round "10.30"]
[White "Garayev, Kanan"]
[Black "Gumularz, Szymon"]
[Result "1-0"]
[WhiteElo "2331"]
[BlackElo "2516"]
[Annotator "ChessBase"]
[PlyCount "93"]
[EventDate "2020.12.18"]
[EventType "tourn"]
[EventCountry "NET"]
[SourceTitle "playchess.com"]
[Source "ChessBase"]
[SourceQuality "1"]

1. Nf3 Nf6 2. g3 g6 3. b3 Bg7 4. Bb2 d6 5. Bg2 e5 6. d3 O-O 7. O-O Nc6 8. Nbd2 h6 9. e4 Re8 10. d4 exd4 11. Nxd4 Bd7 12. Re1 Nxd4 13. Bxd4 Bc6 14. e5 dxe5 15. Bxc6 bxc6 16. Bxe5 Rxe5 17. Rxe5 Ng4 18. Qxg4 Bxe5 19. Rd1 Qe7 20. Nc4 Bd6 21. Qd4 c5 22. Qd5 Rd8 23. Qc6 h5 24. h4 Kg7 25. Kg2 Qf6 26. Qf3 Qe7 27. a4 Kg8 28. a5 Kg7 29. a6 Kg8 30. Rd2 Kg7 31. Rd3 Kg8 32. Na5 Re8 33. Re3 Qd7 34. Rxe8+ Qxe8 35. Nc6 c4 36. Nxa7 cxb3 37. cxb3 Kf8 38. Nc6 Qa8 39. Qc3 Ke8 40. Qh8+ Bf8 41. Qe5+ Kd7 42. Qd5+ Ke8 43. a7 Bd6 44. b4 Kf8 45. b5 Kg7 46. Qd4+ Kf8 47. Qh8# 1-0

[Event "EOBCC 2020"]
[Site "Online"]
[Date "2020.12.18"]
[Round "10.31"]
[White "Heimann, Andreas"]
[Black "Barp, Alberto"]
[Result "0-1"]
[WhiteElo "2606"]
[BlackElo "2366"]
[Annotator "ChessBase"]
[PlyCount "94"]
[EventDate "2020.12.18"]
[EventType "tourn"]
[EventCountry "NET"]
[SourceTitle "playchess.com"]
[Source "ChessBase"]
[SourceQuality "1"]

1. d4 d5 2. c4 e6 3. Nc3 Nf6 4. cxd5 Nxd5 5. e4 Nxc3 6. bxc3 c5 7. Nf3 cxd4 8. cxd4 Bb4+ 9. Bd2 Bxd2+ 10. Qxd2 O-O 11. Bc4 Nd7 12. O-O b6 13. d5 Nf6 14. Rfe1 exd5 15. exd5 Qd6 16. Ne5 Bb7 17. Rad1 Rad8 18. Qg5 h6 19. Qf5 Qc5 20. Rc1 Bxd5 21. Bd3 Be6 22. Qf4 Qd4 23. Qg3 Bd5 24. Bb1 Rfe8 25. Rcd1 Qb2 26. Qf4 Bxa2 27. Rxd8 Rxd8 28. Nc6 Rf8 29. Ne7+ Kh8 30. Bd3 Qc3 31. Qe3 Be6 32. h3 Rd8 33. Ba6 Qxe3 34. Rxe3 Nd5 35. Rd3 Rd7 36. Nc6 Nc7 37. Bc4 Rxd3 38. Bxd3 a5 39. Nd4 a4 40. Kf1 a3 41. Ke1 a2 42. Nc2 Nd5 43. Kd2 Nb4 44. Na1 Nxd3 45. Kxd3 b5 46. Kc3 Kh7 47. Kb4 Bc4 0-1

[Event "EOBCC 2020"]
[Site "Online"]
[Date "2020.12.18"]
[Round "10.32"]
[White "Yankelevich, Lev"]
[Black "Tomczak, Jacek"]
[Result "1-0"]
[WhiteElo "2416"]
[BlackElo "2610"]
[Annotator "ChessBase"]
[PlyCount "91"]
[EventDate "2020.12.18"]
[EventType "tourn"]
[EventCountry "NET"]
[SourceTitle "playchess.com"]
[Source "ChessBase"]
[SourceQuality "1"]

1. Nf3 c5 2. g3 Nc6 3. Bg2 e5 4. d3 d5 5. O-O f6 6. c4 Nge7 7. Nc3 Be6 8. Qa4 Qd7 9. a3 Rd8 10. cxd5 Nxd5 11. Nxd5 Bxd5 12. Be3 Nd4 13. Qxd7+ Rxd7 14. Nxd4 cxd4 15. Bd2 Bxg2 16. Kxg2 Bd6 17. Rac1 Ke7 18. Rc4 Ke6 19. Rfc1 Kd5 20. Bb4 Bxb4 21. Rxb4 Re8 22. Rb5+ Kd6 23. Rbc5 Red8 24. Kf3 Ke6 25. Rc8 Rxc8 26. Rxc8 h5 27. h4 g6 28. Rg8 Kf7 29. Rc8 Ke6 30. Rg8 Kf5 31. Rc8 Rd6 32. Rc7 Rb6 33. b4 Rb5 34. Re7 a6 35. e4+ dxe3 36. fxe3 g5 37. e4+ Kg6 38. Ke3 g4 39. Rc7 b6 40. Rc6 a5 41. Rc4 Kf7 42. Kd2 Ke6 43. Kc3 f5 44. Kb3 axb4 45. axb4 f4 46. Ka4 1-0

[Event "EOBCC 2020"]
[Site "Online"]
[Date "2020.12.18"]
[Round "10.33"]
[White "Tsvetkov, Andrey"]
[Black "Durarbayli, Vasif"]
[Result "1-0"]
[WhiteElo "2395"]
[BlackElo "2606"]
[Annotator "ChessBase"]
[PlyCount "65"]
[EventDate "2020.12.18"]
[EventType "tourn"]
[EventCountry "NET"]
[SourceTitle "playchess.com"]
[Source "ChessBase"]
[SourceQuality "1"]

1. d4 Nf6 2. c4 e6 3. Nc3 Bb4 4. f3 c5 5. d5 b5 6. e4 O-O 7. Nh3 d6 8. Nf4 e5 9. Nfe2 bxc4 10. Ng3 Nbd7 11. Bxc4 Nb6 12. Be2 c4 13. O-O Bc5+ 14. Kh1 a5 15. f4 exf4 16. Bxf4 Nfd7 17. Qd2 Ne5 18. Nh5 f6 19. Nb5 Nd3 20. Bxd3 cxd3 21. Qxd3 Ba6 22. Qg3 g6 23. Nxd6 Bxf1 24. Rxf1 Bxd6 25. Bxd6 Rf7 26. e5 fxe5 27. Rxf7 Qxd6 28. Rf6 Qxd5 29. Rxg6+ Kh8 30. Rd6 Qf7 31. Qxe5+ Kg8 32. Nf6+ Kh8 33. Rxb6 1-0

[Event "EOBCC 2020"]
[Site "Online"]
[Date "2020.12.18"]
[Round "10.34"]
[White "Baskin, Robert"]
[Black "Postny, Evgeny"]
[Result "1-0"]
[WhiteElo "2390"]
[BlackElo "2605"]
[Annotator "ChessBase"]
[PlyCount "89"]
[EventDate "2020.12.18"]
[EventType "tourn"]
[EventCountry "NET"]
[SourceTitle "playchess.com"]
[Source "ChessBase"]
[SourceQuality "1"]

1. d4 e6 2. c4 Nf6 3. Nf3 Bb4+ 4. Nbd2 b6 5. g3 Bb7 6. Bg2 c5 7. a3 Bxd2+ 8. Qxd2 cxd4 9. O-O O-O 10. b4 Nc6 11. Bb2 Rc8 12. Nxd4 Nxd4 13. Qxd4 Bxg2 14. Kxg2 Qc7 15. Rac1 Rfd8 16. c5 Qb7+ 17. f3 bxc5 18. Rxc5 Rxc5 19. bxc5 Ne8 20. Rc1 Qc6 21. h4 f6 22. h5 h6 23. Rd1 Rb8 24. Bc1 Rb7 25. g4 Qb5 26. Kf2 Rc7 27. Be3 Qb3 28. Rd3 Qb5 29. Qe4 Qb7 30. Qg6 Kf8 31. Bxh6 gxh6 32. Qxh6+ Ke7 33. Qh8 Rxc5 34. h6 Rc8 35. Qh7+ Kd8 36. Qf7 Qb6+ 37. Kg2 Nd6 38. Qf8+ Kc7 39. Rc3+ Kb7 40. Rxc8 Nxc8 41. h7 Qe3 42. Qb4+ Nb6 43. Qe4+ Nd5 44. Qxe3 Nxe3+ 45. Kg1 1-0

[Event "EOBCC 2020"]
[Site "Online"]
[Date "2020.12.18"]
[Round "10.35"]
[White "Gabdrakhmanov, Azat"]
[Black "Asadli, Vugar"]
[Result "0-1"]
[WhiteElo "2319"]
[BlackElo "2572"]
[Annotator "ChessBase"]
[PlyCount "72"]
[EventDate "2020.12.18"]
[EventType "tourn"]
[EventCountry "NET"]
[SourceTitle "playchess.com"]
[Source "ChessBase"]
[SourceQuality "1"]

1. e4 g6 2. d4 Bg7 3. Nc3 d6 4. f4 a6 5. Nf3 Nd7 6. Be3 b5 7. Bd3 Bb7 8. e5 Nh6 9. Qe2 O-O 10. e6 Nb6 11. exf7+ Nxf7 12. h4 e5 13. dxe5 dxe5 14. h5 exf4 15. hxg6 Nh6 16. gxh7+ Kh8 17. Nh4 Rf6 18. Bxb6 Rxb6 19. O-O-O Qg5 20. Ne4 Qe5 21. Nc3 Qg5 22. Kb1 b4 23. Na4 Rd6 24. Rde1 Bc6 25. Nc5 Qxc5 26. Ng6+ Rxg6 27. Bxg6 Qd4 28. c3 bxc3 29. Rxh6 Rb8 30. b3 c2+ 31. Kxc2 Qc3+ 32. Kd1 Rd8+ 33. Qd3 Rxd3+ 34. Bxd3 Qxd3+ 35. Kc1 Bxh6 36. Re8+ Bxe8 0-1

[Event "EOBCC 2020"]
[Site "Online"]
[Date "2020.12.18"]
[Round "10.37"]
[White "Budisavljevic, Luka"]
[Black "Gavrilescu, David"]
[Result "0-1"]
[WhiteElo "2492"]
[BlackElo "2476"]
[Annotator "ChessBase"]
[PlyCount "104"]
[EventDate "2020.12.18"]
[EventType "tourn"]
[EventCountry "NET"]
[SourceTitle "playchess.com"]
[Source "ChessBase"]
[SourceQuality "1"]

1. d4 Nf6 2. Nf3 d5 3. Bf4 c5 4. e3 Nc6 5. Nbd2 cxd4 6. exd4 Bg4 7. c3 e6 8. Qb3 Qc8 9. Ne5 Nxe5 10. Bxe5 Nd7 11. Bd3 Bh5 12. O-O Bg6 13. c4 Bxd3 14. Qxd3 Qc6 15. Rac1 Rd8 16. Qg3 Nxe5 17. dxe5 d4 18. Rfd1 g6 19. Nb3 Qb6 20. c5 Qa6 21. Nxd4 Qxa2 22. c6 Bh6 23. c7 Rc8 24. Rc2 O-O 25. Nb5 Qa4 26. Qd3 Qa5 27. Qc4 Bf4 28. Nd6 Bxe5 29. Nxc8 Rxc8 30. Rd8+ Rxd8 31. cxd8=Q+ Qxd8 32. Qc8 Qxc8 33. Rxc8+ Kg7 34. b3 b6 35. Kf1 a5 36. Ke2 Bd4 37. f3 Kf6 38. Kd3 Bg1 39. h3 h5 40. Kc4 Kg5 41. Kb5 Kf4 42. Rc2 g5 43. Kc6 f5 44. Kd6 e5 45. Ke6 e4 46. fxe4 fxe4 47. Kd5 Bc5 48. Kc4 Ke3 49. Kd5 Kd3 50. Rc4 e3 51. Re4 e2 52. Ke5 Be3 0-1

[Event "EOBCC 2020"]
[Site "Online"]
[Date "2020.12.18"]
[Round "10.38"]
[White "Kazakouski, Valery"]
[Black "Yatzenko, Anton"]
[Result "1/2-1/2"]
[WhiteElo "2473"]
[BlackElo "2379"]
[Annotator "ChessBase"]
[PlyCount "79"]
[EventDate "2020.12.18"]
[EventType "tourn"]
[EventCountry "NET"]
[SourceTitle "playchess.com"]
[Source "ChessBase"]
[SourceQuality "1"]

1. d4 d5 2. c4 e6 3. Nf3 Nf6 4. g3 Bb4+ 5. Nc3 dxc4 6. Bg2 c6 7. Ne5 Nd5 8. O-O b5 9. Bd2 Bxc3 10. bxc3 O-O 11. e4 Ne7 12. a4 Nd7 13. Ng4 Bb7 14. f4 f5 15. exf5 exf5 16. Ne3 Nf6 17. axb5 Qc7 18. bxc6 Bxc6 19. Bxc6 Qxc6 20. Qa4 Qxa4 21. Rxa4 Ne4 22. Rd1 Rfc8 23. Be1 g6 24. Rda1 Rc7 25. Kg2 Kf8 26. Kf3 Rb8 27. Rxc4 Rxc4 28. Nxc4 Rc8 29. Ne5 Nxc3 30. Rxa7 Ncd5 31. Nd7+ Ke8 32. Nc5 Rb8 33. Nd3 Nc6 34. Rxh7 Rb3 35. Ke2 Nxd4+ 36. Kd2 Nf3+ 37. Kc2 Nd4+ 38. Kd2 Nf3+ 39. Kc2 Nd4+ 40. Kd2 1/2-1/2

[Event "EOBCC 2020"]
[Site "Online"]
[Date "2020.12.18"]
[Round "10.39"]
[White "Karpus, Michal"]
[Black "Kuzmicz, Krystian"]
[Result "1-0"]
[WhiteElo "2311"]
[BlackElo "2469"]
[Annotator "ChessBase"]
[PlyCount "33"]
[EventDate "2020.12.18"]
[EventType "tourn"]
[EventCountry "NET"]
[SourceTitle "playchess.com"]
[Source "ChessBase"]
[SourceQuality "1"]

1. e4 c5 2. Nf3 e6 3. d4 cxd4 4. Nxd4 Nf6 5. Nc3 Nc6 6. Be3 Bb4 7. Nxc6 bxc6 8. Bd3 d5 9. exd5 cxd5 10. O-O O-O 11. Bd4 Bd6 12. f4 Qa5 13. Bxf6 gxf6 14. Bxh7+ Kxh7 15. Qh5+ Kg7 16. Qg4+ Kh8 17. Rf3 1-0

[Event "EOBCC 2020"]
[Site "Online"]
[Date "2020.12.18"]
[Round "10.40"]
[White "Kacharava, Nikolozi"]
[Black "Mroziak, Maciej"]
[Result "1-0"]
[WhiteElo "2443"]
[BlackElo "2369"]
[Annotator "NA"]
[PlyCount "117"]
[EventDate "2020.12.18"]
[EventType "tourn"]
[EventCountry "NET"]
[SourceTitle "playchess.com"]
[Source "ChessBase"]
[SourceQuality "1"]

1. e4 c5 2. Nf3 d6 3. d4 cxd4 4. Qxd4 Bd7 5. c4 Nc6 6. Qe3 g6 7. Be2 Bg7 8. h3 Rc8 9. Nc3 Qa5 10. Bd2 Qc5 11. Rc1 Qxe3 12. Bxe3 Nf6 13. Nd2 O-O 14. O-O Rfd8 15. a3 Ne8 16. b4 Nd4 17. Bd3 Nc7 18. f4 f5 19. exf5 Bxf5 20. Bxf5 Nxf5 21. Bxa7 Ra8 22. Bb6 Bd4+ 23. Bxd4 Nxd4 24. a4 Nce6 25. a5 Rf8 26. g3 Rac8 27. Kg2 Nf5 28. Nd5 Rf7 29. Rfe1 Ned4 30. g4 Nh4+ 31. Kg3 g5 32. Nxe7+ Rxe7 33. Rxe7 Nhf5+ 34. gxf5 Nxf5+ 35. Kg4 Nxe7 36. fxg5 Nd5 37. b5 Nb4 38. Rc3 d5 39. Rb3 dxc4 40. Rxb4 c3 41. Nb3 c2 42. Nc1 Ra8 43. Ra4 Rd8 44. Rc4 Rd5 45. a6 bxa6 46. bxa6 Ra5 47. Rxc2 Rxa6 48. Ne2 Ra4+ 49. Nf4 Kg7 50. Rc7+ Kg8 51. h4 Kh8 52. h5 Kg8 53. Rd7 Rb4 54. Kf5 Rb5+ 55. Nd5 Ra5 56. Ke6 Ra6+ 57. Rd6 Ra1 58. Nf6+ Kg7 59. Rd7+ 1-0

[Event "EOBCC 2020"]
[Site "Online"]
[Date "2020.12.18"]
[Round "10.41"]
[White "Ahmadzada, Ahmad"]
[Black "Sevgi, Volkan"]
[Result "1-0"]
[WhiteElo "2431"]
[BlackElo "2359"]
[Annotator "ChessBase"]
[PlyCount "147"]
[EventDate "2020.12.18"]
[EventType "tourn"]
[EventCountry "NET"]
[SourceTitle "playchess.com"]
[Source "ChessBase"]
[SourceQuality "1"]

1. d4 d5 2. Bf4 c6 3. e3 e6 4. Nf3 f5 5. c4 Nf6 6. Nc3 Bd6 7. c5 Bc7 8. Be2 O-O 9. O-O Nbd7 10. b4 Ne4 11. Qc2 Re8 12. b5 e5 13. dxe5 Nxe5 14. Nd4 Bd7 15. Nxe4 fxe4 16. a4 Qe7 17. Rab1 Rab8 18. Qc3 Rec8 19. a5 cxb5 20. Nxb5 Bxb5 21. Rxb5 a6 22. Rb3 Nd7 23. Qd2 Qe6 24. h3 Bxf4 25. Bg4 Bh2+ 26. Kxh2 Qe5+ 27. Kg1 Nxc5 28. Rb6 Rc6 29. Rfb1 Rd8 30. Qd4 Qe7 31. Rxc6 bxc6 32. Rb6 Qd6 33. g3 Rf8 34. Qb4 Rd8 35. h4 g6 36. h5 Kg7 37. Qd4+ Kh6 38. hxg6 hxg6 39. Kg2 Nd3 40. Rxa6 Rf8 41. f4 exf3+ 42. Kh2 Ne5 43. Bh3 f2 44. Qh4+ Kg7 45. Ra7+ Rf7 46. Rxf7+ Nxf7 47. Kg2 g5 48. Qd4+ Ne5 49. Kxf2 c5 50. Qc3 Qf6+ 51. Ke2 Qf3+ 52. Kd2 Qf2+ 53. Kc1 Qxg3 54. Bf1 Kh6 55. Qxc5 Qe1+ 56. Kc2 Qxf1 57. Qxd5 Qe2+ 58. Kb1 Ng6 59. Qh1+ Kg7 60. Qb7+ Kf6 61. a6 Qd3+ 62. Ka2 Qc2+ 63. Ka3 Ne5 64. Kb4 Qb2+ 65. Kc5 Qc3+ 66. Kb5 Qxe3 67. Qb6+ Qxb6+ 68. Kxb6 g4 69. a7 Kf5 70. a8=Q Kf4 71. Qg2 g3 72. Kc5 Nd3+ 73. Kd4 Ne1 74. Qe4+ 1-0

[Event "EOBCC 2020"]
[Site "Online"]
[Date "2020.12.18"]
[Round "10.42"]
[White "Kosakowski, Jakub"]
[Black "Przybylski, Wojciech"]
[Result "1-0"]
[WhiteElo "2431"]
[BlackElo "2321"]
[Annotator "ChessBase"]
[PlyCount "149"]
[EventDate "2020.12.18"]
[EventType "tourn"]
[EventCountry "NET"]
[SourceTitle "playchess.com"]
[Source "ChessBase"]
[SourceQuality "1"]

1. e4 e5 2. Nf3 Nc6 3. Bb5 Nf6 4. O-O Nxe4 5. Re1 Nd6 6. Nxe5 Be7 7. Bd3 O-O 8. Nc3 Nxe5 9. Rxe5 Bf6 10. Re3 Re8 11. b3 c6 12. Ba3 Rxe3 13. fxe3 Ne8 14. Qh5 g6 15. Qf3 d5 16. Rf1 h5 17. e4 Bg4 18. Qg3 dxe4 19. Nxe4 Bd4+ 20. Kh1 Qc7 21. Bc4 Qxg3 22. Bxf7+ Kg7 23. Nxg3 Nf6 24. Bc4 h4 25. Ne2 Bxe2 26. Bxe2 Ne4 27. c3 Bb6 28. d4 Nxc3 29. Bc4 Bxd4 30. Rf7+ Kh6 31. Bc1+ g5 32. Bd3 Rh8 33. Rxb7 Nd5 34. g3 Be3 35. Bxe3 Nxe3 36. Kg1 hxg3 37. hxg3 Kh5 38. Kf2 Ng4+ 39. Kg2 Ne5 40. Be2+ g4 41. Re7 Ng6 42. Re4 Rd8 43. Bxg4+ Kg5 44. Be2 Rd2 45. a4 Kf5 46. Re3 Ne5 47. Kh3 Rb2 48. Bf1 Nf7 49. Rf3+ Kg6 50. Bd3+ Kg7 51. Kh4 Ne5 52. Re3 Kf6 53. g4 Ng6+ 54. Bxg6 Kxg6 55. Re6+ Kf7 56. Rxc6 Rxb3 57. Rc7+ Kg6 58. Rxa7 Rb4 59. Ra6+ Kg7 60. Kg5 Rc4 61. Ra7+ Kg8 62. a5 Rc5+ 63. Kg6 Rc6+ 64. Kh5 Rc5+ 65. g5 Rc6 66. Rb7 Ra6 67. Rb8+ Kg7 68. Rb7+ Kg8 69. Rb5 Kg7 70. g6 Rd6 71. Rb7+ Kg8 72. Kh6 Rd8 73. a6 Kh8 74. a7 Rg8 75. Rh7# 1-0

[Event "EOBCC 2020"]
[Site "Online"]
[Date "2020.12.18"]
[Round "10.44"]
[White "Arabidze, Meri"]
[Black "Grandelius, Nils"]
[Result "0-1"]
[WhiteElo "2437"]
[BlackElo "2663"]
[Annotator "ChessBase"]
[PlyCount "112"]
[EventDate "2020.12.18"]
[EventType "tourn"]
[EventCountry "NET"]
[SourceTitle "playchess.com"]
[Source "ChessBase"]
[SourceQuality "1"]

1. Nf3 d5 2. b3 Bg4 3. Bb2 Bxf3 4. exf3 Nf6 5. d4 g6 6. Nd2 Bg7 7. Bd3 O-O 8. O-O Nfd7 9. f4 c5 10. Nf3 Nc6 11. Bb5 Rc8 12. Rb1 e6 13. Ne5 Ndxe5 14. dxe5 Qa5 15. a4 a6 16. Be2 Rfd8 17. Ba3 Bf8 18. h4 b5 19. axb5 axb5 20. Ra1 Qb6 21. h5 Nd4 22. Bb2 Nxe2+ 23. Qxe2 c4 24. Rfd1 d4 25. Qe4 Bc5 26. b4 Bxb4 27. Bxd4 Bc5 28. Bxc5 Qxc5 29. Rxd8+ Rxd8 30. Ra8 Rxa8 31. Qxa8+ Kg7 32. Qd8 b4 33. Qf6+ Kg8 34. Qd8+ Qf8 35. Qc7 c3 36. hxg6 hxg6 37. Qb7 Qc5 38. Qb8+ Kg7 39. Qd8 b3 40. Qf6+ Kg8 41. Qd8+ Kg7 42. Qf6+ Kg8 43. Qd8+ Qf8 44. Qc7 b2 45. Qb6 Qc8 46. g4 Kg7 47. Qb5 Qd8 48. Kh2 Qh4+ 49. Kg2 Qxg4+ 50. Kh2 Qxf4+ 51. Kg2 Qg4+ 52. Kh2 Qh5+ 53. Kg2 Qd1 54. Qe8 Qg4+ 55. Kh2 Qf4+ 56. Kg2 b1=Q 0-1

[Event "EOBCC 2020"]
[Site "Online"]
[Date "2020.12.18"]
[Round "10.45"]
[White "Svane, Frederik"]
[Black "Movsesian, Sergei"]
[Result "0-1"]
[WhiteElo "2421"]
[BlackElo "2647"]
[Annotator "ChessBase"]
[PlyCount "170"]
[EventDate "2020.12.18"]
[EventType "tourn"]
[EventCountry "NET"]
[SourceTitle "playchess.com"]
[Source "ChessBase"]
[SourceQuality "1"]

1. e4 Nf6 2. e5 Nd5 3. d4 d6 4. Nf3 dxe5 5. Nxe5 c6 6. Be2 Nd7 7. Nf3 N7f6 8. O-O Bf5 9. c4 Nb6 10. Nc3 e6 11. Be3 Be7 12. Ne5 O-O 13. f4 h6 14. Qd2 Ne4 15. Nxe4 Bxe4 16. Rad1 Qc7 17. Qa5 Rad8 18. a3 Qb8 19. h3 Nd7 20. Qc3 Nf6 21. b4 Qc7 22. Qb3 a6 23. a4 Bh7 24. b5 axb5 25. axb5 c5 26. b6 Qc8 27. d5 Be4 28. Bf3 Bxf3 29. Rxf3 Bd6 30. Qb5 Rfe8 31. dxe6 Qxe6 32. Nd3 Ne4 33. Qb3 Qf5 34. Nf2 Nf6 35. Rd3 Rd7 36. Bd2 Red8 37. Bc3 Ne8 38. Rd5 Qe6 39. Qc2 Bf8 40. f5 Qxb6 41. Rxd7 Rxd7 42. f6 g6 43. Ng4 Qe6 44. Ne5 Rd8 45. Nxg6 Qd6 46. Ne7+ Kh8 47. Rf1 Qd3 48. Qc1 Qg3 49. Nf5 Qg6 50. Ne7 Qg5 51. Nd5 Qxc1 52. Rxc1 b5 53. Ne3 b4 54. Bb2 Rd3 55. Nd5 Kh7 56. Kf1 Nd6 57. Ke2 Rb3 58. Be5 Ne4 59. Ra1 Ra3 60. Rxa3 bxa3 61. Kd3 Nf2+ 62. Kc2 Kg6 63. Kb3 Nd3 64. Bc3 Kf5 65. Kxa3 h5 66. Ka4 Ke6 67. Kb5 Bd6 68. g4 h4 69. Ne3 Nf4 70. Nf5 Nxh3 71. Nxh4 Ng5 72. Nf5 Ne4 73. Bb2 Be5 74. Bxe5 Kxe5 75. Kc6 Nxf6 76. Ne3 Kd4 77. Nd5 Nxg4 78. Nb6 Ne5+ 79. Kb5 f5 80. Na4 f4 81. Nxc5 f3 82. Ne6+ Ke3 83. Ng7 f2 84. Nf5+ Kf4 85. Nd4 f1=Q 0-1

[Event "EOBCC 2020"]
[Site "Online"]
[Date "2020.12.18"]
[Round "10.47"]
[White "Martirosyan, Haik M."]
[Black "Socko, Monika"]
[Result "1-0"]
[WhiteElo "2622"]
[BlackElo "2421"]
[Annotator "TA"]
[PlyCount "53"]
[EventDate "2020.12.18"]
[EventType "tourn"]
[EventCountry "NET"]
[SourceTitle "playchess.com"]
[Source "ChessBase"]
[SourceQuality "1"]

1. e4 e6 2. d4 d5 3. Nc3 Bb4 4. e5 Ne7 5. a3 Bxc3+ 6. bxc3 c5 7. a4 Qc7 8. Nf3 b6 9. Bb5+ Bd7 10. Bd3 Nbc6 11. O-O Rc8 12. Ba3 Na5 13. Ng5 h6 14. Qh5 g6 15. Qh3 Nc4 16. Bxc4 dxc4 17. Ne4 Kf8 18. dxc5 Qxe5 19. Rfe1 Qf5 20. Qg3 Kg7 21. cxb6 Nd5 22. Nd6 Qxc2 23. Nxc8 Rxc8 24. b7 Nxc3 25. bxc8=Q Bxc8 26. Qe5+ Kh7 27. Rac1 1-0